000 00748cab a2200205 4500
001 ABS37791
008 090401t1987 xxu||||| |||| 00| 0 eng d
035 _a(Sirsi) u6763
041 _aeng
100 _aBlower, T.
245 4 _aThe potential consequences for surface structures of rising groundwater levels beneath London
260 _c1987
350 _a0
490 _aStructural Engineer
_v65A(6) June 1987, 234-235(2)
520 _aThis paper describes some effects that the steady rise in groundwater levels beneath London might have on buildings and is based on research being carried out for CIRIA . References. Figures.
650 _aWATER
690 _aBUILT ENVIRONMENT-CONSTRUCTION DESIGN
942 _n0
948 _c04/03/1997
999 _c4025
_d4025